[Event "Karl Mala Memorial op 13th"]
[Site "Frankfurt"]
[Date "2010.07.17"]
[Round "3"]
[White "Simak, Jaroslav"]
[Black "Breuer, Yannick"]
[Result "1-0"]
[WhiteElo "1782"]
[BlackElo "1162"]
[PlyCount "37"]
[EventDate "2010.07.08"]
[EventType "swiss"]
[EventRounds "7"]
[EventCountry "GER"]
[SourceTitle "EXT 2012"]
[Source "ChessBase"]
[SourceDate "2011.11.24"]
[SourceVersion "1"]
[SourceVersionDate "2011.11.24"]
[SourceQuality "1"]

1. e4 e5 2. Nc3 Nf6 3. g3 Bc5 4. Bg2 d6 5. h3 0-0 6. Nge2 Be6 7. d3 h6 8. f4 Nc6 9. f5 Bd7 10. g4 Nd4 11. Ng3 Bc6 12. h4 Nh7 13. g5 hxg5 14. hxg5 f6 15. g6 Ng5 16. Qh5 Nxc2+ 17. Kd1 Ne3+ 18. Bxe3 Nh3 19. Qh7# 1-0

[Event "IECC O-2758"]
[Site "IECC email"]
[Date "2008.03.16"]
[Round "?"]
[White "Maggiora, Aldo"]
[Black "Simak, Jaroslav"]
[Result "1/2-1/2"]
[WhiteElo "1654"]
[BlackElo "1627"]
[PlyCount "119"]
[EventDate "2008.??.??"]
[EventType "swiss (corr)"]
[EventRounds "2"]
[SourceTitle "Corr 2013"]
[Source "ChessBase"]
[SourceDate "2012.11.12"]
[SourceVersion "1"]
[SourceVersionDate "2012.11.12"]
[SourceQuality "1"]
[WhiteTeam "Australia"]
[BlackTeam "Canada"]
[WhiteTeamCountry "AUS"]
[BlackTeamCountry "CAN"]

1. e4 e5 2. Nf3 Nc6 3. d4 exd4 4. Bc4 Nf6 5. 0-0 Nxe4 6. Re1 d5 7. Bxd5 Qxd5 8. Nc3 Qa5 9. Nxe4 Be6 10. Neg5 0-0-0 11. Nxe6 fxe6 12. Rxe6 Bd6 13. Bg5 Rde8 14. Qe2 Kd7 15. Rxe8 Rxe8 16. Qd3 h6 17. Bd2 Qh5 18. h3 Ne5 19. Qb5+ Kd8 20. Nxd4 Nf3+ 21. gxf3 Qxh3 22. Bg5+ hxg5 23. Qxg5+ Kc8 24. Qf5+ Qxf5 25. Nxf5 Bc5 26. Ng3 Rd8 27. Ne4 Bd4 28. c3 Bf6 29. Kf1 a5 30. Ke2 Rh8 31. Rg1 b6 32. Kd3 Kb7 33. Rg6 Rf8 34. f4 Kc6 35. f5 Kd5 36. f4 c5 37. c4+ Kc6 38. b3 Kc7 39. Nxf6 gxf6 40. Rg7+ Kc6 41. Kc3 Rh8 42. Rf7 Rh4 43. Rxf6+ Kc7 44. Re6 Rxf4 45. f6 Rd4 46. Kb2 a4 47. Re7+ Kd6 48. Rb7 Kc6 49. f7 Rf4 50. Re7 Kd6 51. Ra7 axb3 52. Kxb3 Rf2 53. Rb7 Kc6 54. Re7 Kd6 55. Ra7 Rf3+ 56. Kb2 Rf2+ 57. Kc3 Rf3+ 58. Kd2 Ke6 59. Kc2 Kd6 60. a4 1/2-1/2

[Event "IECC O-2636"]
[Site "IECC email"]
[Date "2007.07.31"]
[Round "?"]
[White "Simak, Jaroslav"]
[Black "Lado, Ake"]
[Result "0-1"]
[WhiteElo "1653"]
[BlackElo "1485"]
[PlyCount "50"]
[EventDate "2007.??.??"]
[EventType "swiss (corr)"]
[EventRounds "2"]
[SourceTitle "Corr 2011"]
[Source "ChessBase"]
[SourceDate "2010.08.31"]
[SourceVersion "1"]
[SourceVersionDate "2010.08.31"]
[SourceQuality "1"]
[WhiteTeam "US of America"]
[BlackTeam "South Africa"]
[WhiteTeamCountry "USA"]
[BlackTeamCountry "RSA"]

1. e4 d6 2. d4 Nh6 3. Bxh6 gxh6 4. Nc3 Nc6 5. Bc4 Bg7 6. Qh5 e6 7. d5 Bxc3+ 8. bxc3 Qf6 9. Ne2 Ne5 10. dxe6 Ke7 11. Bb3 Bxe6 12. Ng3 Rhg8 13. 0-0 Rg5 14. Qe2 Qf4 15. f3 Rag8 16. Bxe6 fxe6 17. Rad1 h5 18. Qd2 Qxd2 19. Rxd2 Nc4 20. Re2 h4 21. Nh1 Ne3 22. Rff2 Nd1 23. Rf1 Nxc3 24. Rd2 Ra5 25. Ra1 Rxa2 0-1

[Event "IECC O-2623"]
[Site "IECC email"]
[Date "2007.07.01"]
[Round "?"]
[White "Simak, Jaroslav"]
[Black "Von Rosenberg, Clemens"]
[Result "0-1"]
[WhiteElo "1676"]
[BlackElo "1694"]
[PlyCount "36"]
[EventDate "2007.??.??"]
[EventType "swiss (corr)"]
[EventRounds "2"]
[SourceTitle "Corr 2011"]
[Source "ChessBase"]
[SourceDate "2010.08.31"]
[SourceVersion "1"]
[SourceVersionDate "2010.08.31"]
[SourceQuality "1"]
[WhiteTeam "US of America"]
[BlackTeam "South Africa"]
[WhiteTeamCountry "USA"]
[BlackTeamCountry "RSA"]

1. e4 c5 2. Nf3 d6 3. d4 cxd4 4. c3 dxc3 5. Nxc3 Nc6 6. Bc4 Nf6 7. e5 Ng4 8. e6 Bxe6 9. Bxe6 fxe6 10. Ng5 Nf6 11. 0-0 Qd7 12. Re1 e5 13. Qb3 d5 14. f4 e6 15. fxe5 Ng4 16. Nxe6 Qxe6 17. Nxd5 Qf5 18. Be3 0-0-0 0-1

[Event "IECC O-2569"]
[Site "IECC email"]
[Date "2007.04.20"]
[Round "?"]
[White "Lynch, John Jr"]
[Black "Simak, Jaroslav"]
[Result "1/2-1/2"]
[WhiteElo "1913"]
[BlackElo "1682"]
[PlyCount "65"]
[EventDate "2007.??.??"]
[EventType "swiss (corr)"]
[EventRounds "2"]
[SourceTitle "Corr 2008"]
[Source "ChessBase"]
[SourceDate "2008.06.24"]
[SourceVersion "1"]
[SourceVersionDate "2008.06.24"]
[SourceQuality "1"]
[WhiteTeam "Ireland"]
[BlackTeam "Czech Republic"]
[WhiteTeamCountry "IRL"]
[BlackTeamCountry "CZE"]

1. c4 e5 2. g3 Nc6 3. Bg2 f5 4. Nc3 Nf6 5. d3 Bc5 6. e3 0-0 7. Nge2 d6 8. 0-0 Qe8 9. d4 Bb6 10. Na4 Bd7 11. b3 Nd8 12. Nxb6 axb6 13. Nc3 Bc6 14. d5 Bd7 15. f4 e4 16. Bb2 h5 17. a4 Nf7 18. Nb5 Bxb5 19. axb5 Rxa1 20. Qxa1 Nh6 21. Bd4 Qa8 22. h3 Qxa1 23. Rxa1 Kf7 24. Bf1 Nd7 25. Be2 g6 26. b4 Nf6 27. Ra7 Rb8 28. Kf1 Ke7 29. Ke1 Kf7 30. Ra1 Nhg8 31. Kd2 Ne7 32. Bc3 Rc8 33. Ra7 1/2-1/2

[Event "IECC O-2508"]
[Site "IECC email"]
[Date "2007.01.09"]
[Round "?"]
[White "Ostrovskij, Jori"]
[Black "Simak, Jaroslav"]
[Result "1-0"]
[WhiteElo "1658"]
[BlackElo "1699"]
[PlyCount "85"]
[EventDate "2007.??.??"]
[EventType "swiss (corr)"]
[EventRounds "2"]
[SourceTitle "Corr 2008"]
[Source "ChessBase"]
[SourceDate "2008.06.24"]
[SourceVersion "1"]
[SourceVersionDate "2008.06.24"]
[SourceQuality "1"]
[WhiteTeam "Finland"]
[BlackTeam "Czech Republic"]
[WhiteTeamCountry "FIN"]
[BlackTeamCountry "CZE"]

1. d4 d5 2. Nf3 Nf6 3. Bf4 c5 4. e3 Nc6 5. c3 e6 6. Bd3 Be7 7. 0-0 0-0 8. Nbd2 Nh5 9. Be5 f6 10. Ng5 g6 11. Nxh7 fxe5 12. Bxg6 Nf6 13. Nxf8 Qxf8 14. dxe5 Nxe5 15. Bc2 Bd7 16. f4 Nc6 17. e4 Qh6 18. e5 Nh5 19. Qg4+ Ng7 20. Rf3 Qh5 21. Qxh5 Nxh5 22. g4 Nxf4 23. Rxf4 Bg5 24. Rf2 Be3 25. Re1 Bxf2+ 26. Kxf2 Kg7 27. h4 Rf8+ 28. Kg3 a6 29. h5 Kh6 30. Nf3 Be8 31. g5+ Kg7 32. Rh1 Ne7 33. Kg4 Nf5 34. Bxf5 Rxf5 35. Rh2 a5 36. b3 b5 37. a3 b4 38. cxb4 axb4 39. axb4 cxb4 40. h6+ Kh7 41. Ra2 Rf7 42. Ra6 Bb5 43. g6+ 1-0

[Event "IECC M email"]
[Site "IECC email"]
[Date "2000.01.16"]
[Round "?"]
[White "Simak, Jaroslav"]
[Black "Coleman, Chuck"]
[Result "1-0"]
[WhiteElo "1652"]
[BlackElo "1427"]
[PlyCount "65"]
[EventDate "2000.??.??"]
[EventType "tourn (corr)"]
[EventRounds "2"]
[SourceTitle "Corr 2008"]
[Source "ChessBase"]
[SourceDate "2008.06.24"]
[SourceVersion "1"]
[SourceVersionDate "2008.06.24"]
[SourceQuality "1"]

1. e4 e5 2. Nf3 Nf6 3. Nxe5 d6 4. Nf3 Nxe4 5. d4 d5 6. Bd3 Nc6 7. 0-0 Bg4 8. c4 Nf6 9. Nc3 Bxf3 10. Qxf3 Nxd4 11. Qe3+ Ne6 12. cxd5 Nxd5 13. Nxd5 Qxd5 14. Be4 Qb5 15. a4 Qa6 16. Rd1 Bc5 17. Qf3 c6 18. Rd7 0-0 19. Bd3 Qb6 20. a5 Qb4 21. Bd2 Qh4 22. g3 Qf6 23. Qxf6 gxf6 24. a6 b5 25. Ba5 Bb6 26. Bxb6 axb6 27. a7 Nc5 28. Rd6 Nxd3 29. Rxd3 Rfc8 30. Rd7 c5 31. Rb7 Kg7 32. Ra6 c4 33. Raxb6 1-0

[Event "IECC Y2KO email"]
[Site "IECC email"]
[Date "1999.10.14"]
[Round "?"]
[White "Simak, Jaroslav"]
[Black "Kiese, Matthias"]
[Result "1-0"]
[WhiteElo "1613"]
[BlackElo "2308"]
[PlyCount "123"]
[EventDate "1999.??.??"]
[EventType "tourn (corr)"]
[EventRounds "2"]
[SourceTitle "Corr 2008"]
[Source "ChessBase"]
[SourceDate "2008.06.24"]
[SourceVersion "1"]
[SourceVersionDate "2008.06.24"]
[SourceQuality "1"]

1. e4 c5 2. Nf3 d6 3. d4 cxd4 4. Nxd4 Nf6 5. Nc3 a6 6. Bg5 e6 7. f4 Be7 8. Qf3 Qc7 9. 0-0-0 Nbd7 10. g4 b5 11. Bxf6 Nxf6 12. g5 Nd7 13. f5 Bxg5+ 14. Kb1 Ne5 15. Qh5 Qe7 16. Nxe6 g6 17. Qxg5 fxe6 18. f6 Qd8 19. Qd2 Rf8 20. Nxb5 Nf7 21. Nxd6+ Qxd6 22. Qxd6 Nxd6 23. Rxd6 Rxf6 24. Bd3 Rf2 25. e5 Ra7 26. h4 a5 27. h5 g5 28. h6 g4 29. Rg1 Rh2 30. Kc1 Rxh6 31. Rxg4 Rc7 32. Rg8+ Kf7 33. Rdd8 Bd7 34. Rh8 Rh5 35. Rxh7+ Rxh7 36. Bxh7 Be8 37. Rd1 Rc5 38. Re1 Bb5 39. c3 Kg7 40. Bc2 Kh6 41. Re3 Kg5 42. b4 Rc4 43. Bb3 Rh4 44. bxa5 Rh1+ 45. Kd2 Rh2+ 46. Kd1 Kf4 47. Re1 Kf5 48. Bc2+ Kf4 49. Re4+ Kf3 50. a4 Ba6 51. Rd4 Rh5 52. Rd6 Bc4 53. a6 Ke3 54. Kc1 Rxe5 55. Rc6 Bd5 56. Rc5 Rg5 57. a7 Rg8 58. Kb2 Re8 59. Bb3 Ke4 60. Bxd5+ exd5 61. Ra5 Ra8 62. Kb3 1-0

[Event "IECC Trio 763 email"]
[Site "IECC email"]
[Date "1999.07.03"]
[Round "?"]
[White "Bass, Stanley"]
[Black "Simak, Jaroslav"]
[Result "1-0"]
[WhiteElo "1728"]
[BlackElo "1581"]
[PlyCount "135"]
[EventDate "1999.??.??"]
[EventType "tourn (corr)"]
[EventRounds "4"]
[SourceTitle "Corr 2008"]
[Source "ChessBase"]
[SourceDate "2008.06.24"]
[SourceVersion "1"]
[SourceVersionDate "2008.06.24"]
[SourceQuality "1"]

1. d4 d5 2. c4 e6 3. Nc3 c5 4. cxd5 exd5 5. dxc5 Nf6 6. b4 d4 7. Na4 b5 8. Nb2 Nc6 9. a3 Be7 10. e3 a6 11. Ne2 dxe3 12. Qxd8+ Bxd8 13. Bxe3 0-0 14. g3 Ra7 15. Bg2 Bb7 16. 0-0 Ng4 17. Rad1 Nxe3 18. fxe3 Ne5 19. Nd3 Bxg2 20. Kxg2 Nc4 21. Kf3 Re8 22. e4 Nxa3 23. Nd4 Bc7 24. Ra1 Nc4 25. Nxb5 Nd2+ 26. Kg2 Nxf1 27. Nxa7 Ne3+ 28. Kf2 Ng4+ 29. Kg1 Rxe4 30. Nb5 Be5 31. Nxe5 Nxe5 32. Rxa6 g6 33. c6 Nxc6 34. Rxc6 Rxb4 35. Nd6 Rd4 36. h4 h5 37. Kf2 Kg7 38. Ke3 Rg4 39. Kf3 Rd4 40. Ne4 Rb4 41. Rc7 Rb1 42. Nd6 Kg8 43. Kf4 Rf1+ 44. Ke3 Rf6 45. Rc8+ Kh7 46. Ne4 Re6 47. Kd4 Re7 48. Nf6+ Kg7 49. Rc6 Ra7 50. Nd5 Ra3 51. Rc3 Ra7 52. Re3 Ra4+ 53. Ke5 Ra6 54. Rf3 Re6+ 55. Kd4 Ra6 56. Kc5 f5 57. Kd4 Ra4+ 58. Ke5 Re4+ 59. Kd6 Kh6 60. Re3 Rd4 61. Ra3 Re4 62. Kd7 g5 63. Ra6+ Kg7 64. hxg5 Rg4 65. Nf4 h4 66. Rg6+ Kf7 67. Rf6+ Kg7 68. Ne6+ 1-0